00419 a2200121 4500001001000000005001700010008004100027245006000068100003100128700003200159773008900191999001700280ART_1581420260410161918.0260409a 10aResponsabilidad socioambiental empresaria en Argentina.1 aGarcía Fronti, Inés M.1 aD´Onofrio, Paula Alejandra0 tDocumentos de trabajo de contabilidad socialg- Año 3, Nº 2 (dic. 2010)wREV14388 c27486d27486